Southville International School and Colleges
Your cart is empty.
  • Cart
  • Lists
    Public lists Eva Luna New books Lux_list list_1
    Your lists Log in to create your own lists
  • Log in to your account
  • Your cookies
  • Search history
Southville International School and Colleges
  • Advanced search
  • Recent comments
  • Most popular
  • Libraries

Log in to your account

Log in with GOOGLE


If you do not have an external account, but do have a local account, you can still log in:

  1. Home
  2. MARC view: Arctic Tundra and polar deserts.
Normal view MARC view ISBD view

Arctic Tundra and polar deserts. (Record no. 112367)

[ view plain ]
MARC details
000 -LEADER
fixed length control field 00716nam a2200181 a 4500
001 - CONTROL NUMBER
control field 4140
005 - DATE AND TIME OF LATEST TRANSACTION
control field 20140414131934.0
008 - FIXED-LENGTH DATA ELEMENTS--GENERAL INFORMATION
fixed length control field 090218s19uu xx 00 eng d
050 ## - LIBRARY OF CONGRESS CALL NUMBER
Classification number REF 577.09
Item number W85 2005
100 ## - MAIN ENTRY--PERSONAL NAME
Personal name Woodford, Chris
245 ## - TITLE STATEMENT
Title Arctic Tundra and polar deserts.
260 ## - PUBLICATION, DISTRIBUTION, ETC. (IMPRINT)
Place of publication, distribution, etc Austin, TX :
Name of publisher, distributor, etc Raintree Steck-Vaughn,
Date of publication, distribution, etc c2002.
500 ## - GENERAL NOTE
General note Includes bibliographical references (p. 63).
520 ## - SUMMARY, ETC.
Summary, etc A comprehensive look at the arctic tundra and polar desert biomes, examining their climate, plants, animals, people, and future, plus detailed views of some famous or important cold regions.
650 ## - SUBJECT ADDED ENTRY--TOPICAL TERM
Topical term or geographic name as entry element Tundra ecology.
650 ## - SUBJECT ADDED ENTRY--TOPICAL TERM
Topical term or geographic name as entry element Ecology
General subdivision Polar regions
-- Maps for children.
Holdings
Withdrawn status Lost status Damaged status Use restrictions Home library Current library Shelving location Date acquired Source of acquisition Total Checkouts Full call number Barcode Date last seen Price effective from Koha item type
        Munich Library Munich Library Reference Section 02/18/2009     REF 577.09 W85 2005 M3654 04/14/2014 04/14/2014 Books

Arctic Tundra and polar deserts.

APA

Woodford C., . (2002). Arctic Tundra and polar deserts. Austin, TX: Raintree Steck-Vaughn.

Chicago

Woodford Chris, . 2002. Arctic Tundra and polar deserts. Austin, TX: Raintree Steck-Vaughn.

Harvard

Woodford C., . (2002). Arctic Tundra and polar deserts. Austin, TX: Raintree Steck-Vaughn.

MLA

Woodford Chris, . Arctic Tundra and polar deserts. Austin, TX: Raintree Steck-Vaughn. 2002.

  • Place hold
  • Print
  • Cite
  • Add to your cart (remove)
  • Save record
    BIBTEX Dublin Core MARCXML MARC (non-Unicode/MARC-8) MARC (Unicode/UTF-8) MARC (Unicode/UTF-8, Standard) MODS (XML) RIS
  • More searches
    Search for this title in:
    Other Libraries (WorldCat) Other Databases (Google Scholar) Online Stores (Bookfinder.com) Open Library (openlibrary.org)

Exporting to Dublin Core...

SOUTHVILLE LIBRARY

Southville International School and Colleges Library

1281 Tropical Ave. Cor. Luxembourg St., BF Homes International, Las Pinas City

Tel. No. 8256374 / 252358 Loc. 117/146

Powered by Koha